000 00605nam a2200205Ia 4500
003 GCL
008 140319s9999 xx 000 0 ara d
040 _aGCL /
_cGCL
082 0 4 _a109
_bد ك
100 1 _aامين مرسى قنديل
245 1 0 _aكتب غيرت وجة العالم /
_cامين مرسى قنديل
700 1 _aاحمد صادق حمدى
700 1 _aداوفز، روبرت
300 _a390 ص
490 _aالالف كتاب
_v0
650 0 4 _aالفلسفة الحديثة
650 0 4 _aالسكان
650 0 4 _aالمسرحيات العالمية
942 _2ddc
_cBK
999 _c44822
_d44822